Constructions ayant existé - Mort subite - Statistiques

Statistiques générales
  • Ce quiz a été pris 294 fois
  • Le résultat moyen est 6 sur 14
Answers on the Grid
Answers color-coded by a green-red scale on the quiz's grid according to % correct below.
Phare d'Alexandrie
Mausolée d'Halicarnasse
Colosse de Rhodes
Bibliothèque d'Alexandrie
Prison d'Alcatraz
Stonehenge
Statue de Zeus à Olympie
Temple d'Artémis à Éphèse
Café Pouchkine
Troie
Xanadu
Sainte-Sophie
Parthénon
Panthéon
Tour de Babel
Jardins suspendus de Babylone
Eldorado
Atlantide
Tour d'ivoire
Smallville
Arche d'alliance
Prison d'Azkaban
Le Labyrinthe
Temple de Salomon
 
Statistiques - réponses
Réponse % Correct
Panthéon
55%
Parthénon
54%
Phare d'Alexandrie
54%
Colosse de Rhodes
53%
Prison d'Alcatraz
50%
Bibliothèque d'Alexandrie
48%
Stonehenge
48%
Statue de Zeus à Olympie
42%
Temple d'Artémis à Éphèse
36%
Sainte-Sophie
35%
Mausolée d'Halicarnasse
32%
Troie
30%
Café Pouchkine
15%
Xanadu
4%
Aucun quiz correspondant
Distribution des résultats
% des personnes avec chaque résultat
Percentile par nombre de réponses
Votre historique - résultats
Vous n’avez pas pris ce quiz